Zatvorené dvere a otvorené okno: Obchodovanie s ľuďmi a dopyt po prostitúcii v agende Európskej únie

Analýza feministickej pozície prostitúcie ako formy sexuálneho násilia. Konvenčná frekvenčná obsahová analýza súboru politických dokumentov európskych inštitúcií a verejných prejavov feministických politických aktérok v oblasti obchodovania s ľuďmi. Feminizmus, prostitúcia a verejná politika.

Salvato in:
Dettagli Bibliografici
Autore principale: Valkovičová, Veronika
Altri autori: Žárský, Ľuboš
Natura: Capitolo di libro
Lingua:slovacco
Soggetti:
Tags: Aggiungi Tag
Nessun Tag, puoi essere il primo ad aggiungerne!!

MARC

LEADER 00000naa a2200000 4500
001 0226898
005 20221019162927.9
041 0 |a slo 
044 |a SK 
245 1 0 |a Zatvorené dvere a otvorené okno: Obchodovanie s ľuďmi a dopyt po prostitúcii v agende Európskej únie  |c Veronika Valkovičová, Ľuboš Žárský 
520 |a Analýza feministickej pozície prostitúcie ako formy sexuálneho násilia. Konvenčná frekvenčná obsahová analýza súboru politických dokumentov európskych inštitúcií a verejných prejavov feministických politických aktérok v oblasti obchodovania s ľuďmi. Feminizmus, prostitúcia a verejná politika. 
610 2 0 |a rovnosť rodová 
610 2 0 |a ženy 
610 2 0 |a činnosť trestná 
610 2 0 |a politika verejná 
610 2 0 |a obchod nezákonný 
610 2 0 |a Európska únia 
100 1 |a Valkovičová, Veronika 
700 1 |a Žárský, Ľuboš